[Event "WTCC-50 2018"]
[Site "Radebeul"]
[Date "2018.07.07"]
[Round "1"]
[White "Simon, Ralf Axel"]
[Black "Wong, Meng Kong"]
[Result "1/2-1/2"]
[WhiteElo "2156"]
[BlackElo "2248"]
[Annotator "NA"]
[PlyCount "122"]
[EventDate "2018.07.07"]
[EventType "team-tourn"]
[EventCountry "GER"]
[SourceTitle "playchess.com"]
[Source "ChessBase"]
[SourceQuality "1"]
[TimeControl "40/5400+30:1800+30"]

1. Nf3 {[%emt 0:00:00]} g6 {[%emt 0:00:31]} 2. e4 {[%emt 0:04:22]} d6 {[%emt 0:00:43]} 3. d4 {[%emt 0:00:12]} Nf6 {[%emt 0:00:44]} 4. Bd3 {[%emt 0:00:15]} Bg7 {[%emt 0:02:35]} 5. O-O {[%emt 0:00:14]} O-O {[%emt 0:00:06]} 6. Re1 {[%emt 0:00:43]} c5 {[%emt 0:01:30]} 7. d5 {[%emt 0:03:12]} e6 {[%emt 0:00:56]} 8. c4 {[%emt 0:00:16]} Na6 {[%emt 0:03:15]} 9. Nc3 {[%emt 0:06:49]} Nc7 {[%emt 0:01:22]} 10. Rb1 {[%emt 0:05:48]} b6 {[%emt 0:02:07]} 11. h3 {[%emt 0:18:51]} e5 {[%emt 0:09:19]} 12. Bf1 {[%emt 0:03:45]} Nfe8 {[%emt 0:03:18]} 13. a3 {[%emt 0:04:51]} f5 {[%emt 0:00:50]} 14. b4 {[%emt 0:01:46]} Bf6 {[%emt 0:02:30]} 15. bxc5 {[%emt 0:06:05]} bxc5 {[%emt 0:00:07]} 16. Re2 {[%emt 0:06:43]} Ng7 {[%emt 0:11:30]} 17. Reb2 {[%emt 0:00:51]} f4 {[%emt 0:12:05]} 18. Rb8 {[%emt 0:09:24]} Qd7 {[%emt 0:04:35]} 19. Rxa8 {[%emt 0:10:28]} Nxa8 {[%emt 0:00:06]} 20. Nd2 {[%emt 0:00:57]} Bd8 {[%emt 0:03:40]} 21. Qa4 {[%emt 0:05:21]} Qxa4 {[%emt 0:07:57]} 22. Nxa4 {[%emt 0:00:01]} Nb6 {[%emt 0:01:56]} 23. Nc3 {[%emt 0:00:38]} Ne8 {[%emt 0:06:19]} 24. Nb5 {[%emt 0:03:14]} Rf7 {[%emt 0:00:13]} 25. Nb3 {[%emt 0:02:37]} Na4 {[%emt 0:01:00]} 26. Bd2 {[%emt 0:00:08]} a6 {[%emt 0:01:14]} 27. Nc3 {[%emt 0:00:08]} Nxc3 {[%emt 0:00:19]} 28. Bxc3 {[%emt 0:00:01]} Rb7 {[%emt 0:00:34]} 29. Bd3 {[%emt 0:01:30]} Bd7 {[%emt 0:05:09]} 30. Nd2 {[%emt 0:02:30]} Rxb1+ {[%emt 0:00:14]} 31. Bxb1 {[%emt 0:00:05]} Ba4 {[%emt 0:00:25]} 32. Kf1 {[%emt 0:01:31]} g5 {[%emt 0:01:33]} 33. Ke2 {[%emt 0:00:38]} h5 {[%emt 0:00:08]} 34. Kd3 {[%emt 0:00:17]} g4 {[%emt 0:00:48]} 35. hxg4 {[%emt 0:00:01]} hxg4 {[%emt 0:00:07]} 36. Bc2 {[%emt 0:02:01]} Bxc2+ {[%emt 0:02:23]} 37. Kxc2 {[%emt 0:00:01]} Bh4 {[%emt 0:00:14]} 38. f3 {[%emt 0:00:15]} Be1 {[%emt 0:00:07]} 39. Nb3 {[%emt 0:01:08]} Bxc3 {[%emt 0:00:08]} 40. Kxc3 {[%emt 0:00:01]} Kf7 {[%emt 0:00:43]} 41. Na5 {[%emt 0:30:12]} Nf6 {[%emt 0:35:56]} 42. Kd3 {[%emt 0:00:00]} Ke8 {[%emt 0:00:00]} 43. Nb3 {[%emt 0:00:00]} Kd8 {[%emt 0:00:00]} 44. a4 {[%emt 0:00:00]} g3 {[%emt 0:00:00]} 45. Ke2 {[%emt 0:00:00]} Kc7 {[%emt 0:00:00]} 46. a5 {[%emt 0:00:00]} Ng8 {[%emt 0:00:00]} 47. Nd2 {[%emt 0:00:00]} Kd8 {[%emt 0:00:00]} 48. Nb3 {[%emt 0:00:00]} Ne7 {[%emt 0:00:00]} 49. Nd2 {[%emt 0:00:00]} Ng6 {[%emt 0:00:00]} 50. Nb3 {[%emt 0:00:00]} Kd7 {[%emt 0:00:00]} 51. Nd2 {[%emt 0:00:00]} Nh8 {[%emt 0:00:00]} 52. Nb3 {[%emt 0:00:00]} Nf7 {[%emt 0:00:00]} 53. Nd2 {[%emt 0:00:00]} Kc7 {[%emt 0:00:00]} 54. Nb3 {[%emt 0:00:00]} Nd8 {[%emt 0:00:00]} 55. Kd3 {[%emt 0:00:00]} Kd7 {[%emt 0:00:00]} 56. Nd2 {[%emt 0:00:00]} Nf7 {[%emt 0:00:00]} 57. Ke2 {[%emt 0:00:00]} Ng5 {[%emt 0:00:00]} 58. Kf1 {[%emt 0:00:00]} Nh7 {[%emt 0:00:00]} 59. Ke2 {[%emt 0:00:00]} Nf6 {[%emt 0:00:00]} 60. Kd3 {[%emt 0:00:00]} Kc7 {[%emt 0:00:00]} 61. Nb3 {[%emt 0:00:00]} Ng8 1/2-1/2

[Event "WTCC-50 2018"]
[Site "Radebeul"]
[Date "2018.07.07"]
[Round "1"]
[White "Barron, Michael"]
[Black "Fuchs, Joachim"]
[Result "1-0"]
[WhiteElo "2123"]
[BlackElo "1956"]
[Annotator "NA"]
[PlyCount "77"]
[EventDate "2018.07.07"]
[EventType "team-tourn"]
[EventCountry "GER"]
[SourceTitle "playchess.com"]
[Source "ChessBase"]
[SourceQuality "1"]
[TimeControl "40/5400+30:1800+30"]

1. e4 {[%emt 0:00:00]} e5 {[%emt 0:00:01]} 2. Nf3 {[%emt 0:00:00]} Nc6 {[%emt 0:00:50]} 3. Bb5 {[%emt 0:00:00]} a6 {[%emt 0:00:11]} 4. Ba4 {[%emt 0:00:00]} Nf6 {[%emt 0:00:32]} 5. O-O {[%emt 0:00:00]} b5 {[%emt 0:00:07]} 6. Bb3 {[%emt 0:00:00]} Be7 {[%emt 0:01:04]} 7. d4 {[%emt 0:00:25]} d6 {[%emt 0:04:50]} 8. c3 {[%emt 0:01:02]} O-O {[%emt 0:00:54]} 9. Nbd2 {[%emt 0:00:08]} Bg4 {[%emt 0:02:46]} 10. h3 {[%emt 0:00:15]} Bh5 {[%emt 0:00:17]} 11. g4 {[%emt 0:05:50]} Nxg4 {[%emt 0:06:03]} 12. hxg4 {[%emt 0:00:02]} Bxg4 {[%emt 0:00:03]} 13. Bd5 {[%emt 0:01:19]} Qd7 {[%emt 0:02:37]} 14. dxe5 {[%emt 0:08:29]} Bh3 {[%emt 0:13:48]} 15. Nd4 {[%emt 0:10:41]} Nxd4 {[%emt 0:06:22]} 16. Bxa8 {[%emt 0:00:50]} Bxf1 {[%emt 0:01:39]} 17. Nxf1 {[%emt 0:00:15]} Rxa8 {[%emt 0:03:05]} 18. cxd4 {[%emt 0:00:13]} dxe5 {[%emt 0:00:52]} 19. Be3 {[%emt 0:00:04]} exd4 {[%emt 0:06:07]} 20. Qxd4 {[%emt 0:00:05]} Qg4+ {[%emt 0:01:41]} 21. Ng3 {[%emt 0:00:04]} Rd8 {[%emt 0:06:27]} 22. Qe5 {[%emt 0:00:13]} Bf6 {[%emt 0:07:47]} 23. Qxc7 {[%emt 0:01:04]} Rc8 {[%emt 0:04:00]} 24. Qf4 {[%emt 0:00:22]} Qxf4 {[%emt 0:02:51]} 25. Bxf4 {[%emt 0:00:02]} Bxb2 {[%emt 0:00:14]} 26. Rd1 {[%emt 0:00:02]} h6 {[%emt 0:05:08]} 27. Nf5 {[%emt 0:00:50]} Ba3 {[%emt 0:03:37]} 28. Bd6 {[%emt 0:01:55]} Rd8 {[%emt 0:02:43]} 29. e5 {[%emt 0:03:12]} Bb2 {[%emt 0:01:16]} 30. Rb1 {[%emt 0:02:56]} Bc3 {[%emt 0:00:44]} 31. Rb3 {[%emt 0:00:26]} Bd2 {[%emt 0:01:03]} 32. Ra3 {[%emt 0:07:35]} Ra8 {[%emt 0:00:23]} 33. Rd3 {[%emt 0:00:16]} Be1 {[%emt 0:00:27]} 34. Kf1 {[%emt 0:00:29]} Ba5 {[%emt 0:00:28]} 35. Rg3 {[%emt 0:00:04]} g6 {[%emt 0:03:24]} 36. Nxh6+ {[%emt 0:02:37]} Kg7 {[%emt 0:00:14]} 37. Nf5+ {[%emt 0:03:37]} Kg8 {[%emt 0:00:45]} 38. Be7 {[%emt 0:02:22]} Bd8 {[%emt 0:00:59]} 39. Bf6 {[%emt 0:00:20]} 1-0

[Event "WTCC-50 2018"]
[Site "Radebeul"]
[Date "2018.07.07"]
[Round "1"]
[White "Ruether, Rudolf"]
[Black "Yahiaoui, Abdelkrim"]
[Result "1-0"]
[WhiteElo "2118"]
[BlackElo "2106"]
[Annotator "NA"]
[PlyCount "103"]
[EventDate "2018.07.07"]
[EventType "team-tourn"]
[EventCountry "GER"]
[SourceTitle "playchess.com"]
[Source "ChessBase"]
[SourceQuality "1"]
[TimeControl "40/5400+30:1800+30"]

1. d4 {[%emt 0:00:00]} e6 {[%emt 0:00:00]} 2. c4 {[%emt 0:00:10]} d5 {[%emt 0:00:00]} 3. Nc3 {[%emt 0:01:01]} Nf6 {[%emt 0:00:12]} 4. Bg5 {[%emt 0:00:49]} Be7 {[%emt 0:00:21]} 5. e3 {[%emt 0:00:50]} c6 {[%emt 0:00:39]} 6. Nf3 {[%emt 0:01:13]} Nbd7 {[%emt 0:00:43]} 7. cxd5 {[%emt 0:05:21]} exd5 {[%emt 0:00:40]} 8. Bd3 {[%emt 0:00:13]} Nf8 {[%emt 0:00:42]} 9. Qc2 {[%emt 0:01:13]} Ng6 {[%emt 0:02:57]} 10. O-O {[%emt 0:03:49]} O-O {[%emt 0:03:19]} 11. Rfe1 {[%emt 0:04:13]} Re8 {[%emt 0:01:04]} 12. Rab1 {[%emt 0:06:31]} Bd7 {[%emt 0:03:01]} 13. b4 {[%emt 0:14:39]} a6 {[%emt 0:00:40]} 14. a4 {[%emt 0:00:48]} Ne4 {[%emt 0:05:56]} 15. Bxe7 {[%emt 0:11:03]} Qxe7 {[%emt 0:01:36]} 16. b5 {[%emt 0:01:05]} axb5 {[%emt 0:07:10]} 17. axb5 {[%emt 0:00:15]} Nxc3 {[%emt 0:02:13]} 18. Qxc3 {[%emt 0:00:15]} Qd6 {[%emt 0:07:14]} 19. bxc6 {[%emt 0:03:37]} Bxc6 {[%emt 0:00:50]} 20. Bxg6 {[%emt 0:07:06]} hxg6 {[%emt 0:00:54]} 21. Ne5 {[%emt 0:00:51]} Ra6 {[%emt 0:02:02]} 22. g3 {[%emt 0:05:53]} Rea8 {[%emt 0:02:46]} 23. Rec1 {[%emt 0:09:05]} Ra3 {[%emt 0:01:53]} 24. Qc5 {[%emt 0:06:13]} Qxc5 {[%emt 0:03:09]} 25. Rxc5 {[%emt 0:00:03]} Ra1 {[%emt 0:00:13]} 26. Rxa1 {[%emt 0:01:23]} Rxa1+ 27. Kg2 Ra6 {[%emt 0:00:48]} 28. Nxc6 {[%emt 0:01:51]} bxc6 {[%emt 0:00:13]} 29. Rc2 {[%emt 0:00:06]} Kf8 {[%emt 0:00:15]} 30. Rb2 {[%emt 0:00:09]} Ra7 {[%emt 0:01:24]} 31. Rb8+ {[%emt 0:04:12]} Ke7 {[%emt 0:00:27]} 32. Rg8 {[%emt 0:00:54]} Kf6 {[%emt 0:01:48]} 33. h4 {[%emt 0:00:50]} Re7 {[%emt 0:03:05]} 34. Rc8 {[%emt 0:01:53]} Re6 {[%emt 0:00:16]} 35. Rc7 {[%emt 0:00:11]} Rd6 {[%emt 0:01:09]} 36. f4 {[%emt 0:03:05]} Ke6 {[%emt 0:04:15]} 37. Kf3 {[%emt 0:00:22]} f5 {[%emt 0:01:32]} 38. Rxg7 {[%emt 0:00:43]} Kf6 {[%emt 0:00:22]} 39. Rc7 {[%emt 0:00:20]} Re6 {[%emt 0:00:39]} 40. Rd7 {[%emt 0:02:44]} Re7 {[%emt 0:01:58]} 41. Rxe7 {[%emt 0:32:15]} Kxe7 {[%emt 0:30:09]} 42. g4 {[%emt 0:00:39]} fxg4+ {[%emt 0:01:38]} 43. Kxg4 {[%emt 0:00:31]} Kf6 {[%emt 0:00:08]} 44. h5 {[%emt 0:02:51]} gxh5+ {[%emt 0:00:39]} 45. Kxh5 {[%emt 0:00:06]} Kf5 {[%emt 0:00:50]} 46. Kh4 {[%emt 0:00:00]} Ke4 {[%emt 0:00:00]} 47. Kg3 {[%emt 0:00:00]} Kxe3 {[%emt 0:00:00]} 48. f5 {[%emt 0:00:00]} Kxd4 {[%emt 0:00:00]} 49. f6 {[%emt 0:00:00]} c5 {[%emt 0:00:00]} 50. f7 {[%emt 0:00:00]} c4 {[%emt 0:00:00]} 51. f8=Q {[%emt 0:00:00]} c3 {[%emt 0:00:00]} 52. Qa3 {[%emt 0:00:00]} 1-0

[Event "WTCC-50 2018"]
[Site "Radebeul"]
[Date "2018.07.07"]
[Round "1"]
[White "Schmidt, Joerg"]
[Black "Boensch, Uwe"]
[Result "0-1"]
[WhiteElo "2072"]
[BlackElo "2559"]
[Annotator "TA"]
[PlyCount "52"]
[EventDate "2018.07.07"]
[EventType "team-tourn"]
[EventCountry "GER"]
[SourceTitle "playchess.com"]
[Source "ChessBase"]
[SourceQuality "1"]

{[%evp 15,52,0,22,0,0,0,0,0,0,0,0,-6,0,-8,-5,0,-3,-17,0,-41,-6,-12,0,-15,-14,-10,0,-3,0,0,12,0,10,-27,-20,-43,-18,-16,124]} 1. d4 Nf6 2. Bf4 d5 3. Nf3 e6 4. e3 c5 5. c3 Nc6 6. Nbd2 Be7 7. h3 Bd6 {D02: 1 d4 d5 2 Nf3 sidelines, including 2...Nf6 3 g3 and 2...Nf6 3 Bf4} 8. Bxd6 (8. dxc5 Bxc5 9. Bd3 O-O 10. O-O Bd6 11. Bxd6 Qxd6 12. e4 Rd8 13. Bc2 dxe4 14. Nxe4 Qe7 15. Qe2 {1-0 (67) So,W (2778)-Caruana,F (2816) Paris 2018}) 8... Qxd6 {LiveBook: 13 Games} 9. Be2 O-O 10. O-O b6 11. Qc2 Bb7 12. Rad1 Rac8 13. Qb1 h6 $146 ({Predecessor:} 13... Rfd8 14. Rfe1 Qc7 15. Bb5 {½-½ (48) Vreljanski,D (2193)-Kantorik,M (2364) Belgrade 2006}) 14. Rfe1 Rfd8 15. Bd3 {[%cal Be2d3,Bd3h7,Bh7f5][%mdl 32]} Qc7 16. Nf1 Ne4 17. N3d2 Nxd2 18. Rxd2 e5 19. Bh7+ Kh8 {...g6 is the strong threat.} 20. Bf5 Rb8 21. dxe5 Nxe5 22. b3 Qc6 23. f4 Ng6 24. Ng3 Qf6 25. Qc2 Re8 26. Nh5 Qh4 {[%mdl 32768] Precision: White = 62%, Black = 49%. . Loss on Time!?} (26... Qd6 $11 {remains equal.}) 0-1

[Event "WTCC-50 2018"]
[Site "Radebeul"]
[Date "2018.07.07"]
[Round "1"]
[White "Birkholz, Olga"]
[Black "Schulz, Klaus Juergen"]
[Result "0-1"]
[WhiteElo "2068"]
[BlackElo "2324"]
[Annotator "NA"]
[PlyCount "106"]
[EventDate "2018.07.07"]
[EventType "team-tourn"]
[EventCountry "GER"]
[SourceTitle "playchess.com"]
[Source "ChessBase"]
[SourceQuality "1"]
[TimeControl "40/5400+30:1800+30"]

1. d4 {[%emt 0:00:28]} Nf6 {[%emt 0:00:16]} 2. Nf3 {[%emt 0:00:10]} g6 {[%emt 0:01:08]} 3. Bf4 {[%emt 0:01:20]} Bg7 {[%emt 0:01:16]} 4. Nc3 {[%emt 0:00:38]} d5 {[%emt 0:07:33]} 5. e3 {[%emt 0:01:31]} O-O {[%emt 0:00:40]} 6. Bd3 {[%emt 0:00:40]} c5 {[%emt 0:04:56]} 7. O-O {[%emt 0:01:02]} a6 {[%emt 0:27:18]} 8. dxc5 {[%emt 0:07:33]} Qa5 {[%emt 0:03:35]} 9. Nd4 {[%emt 0:04:55]} Qxc5 {[%emt 0:02:39]} 10. Nb3 {[%emt 0:05:55]} Qc6 {[%emt 0:06:59]} 11. a4 {[%emt 0:04:06]} Nbd7 {[%emt 0:13:28]} 12. Nd4 {[%emt 0:14:40]} Qc5 {[%emt 0:03:45]} 13. Nb3 {[%emt 0:00:02]} Qc6 {[%emt 0:03:21]} 14. Nd4 {[%emt 0:00:01]} Qb6 {[%emt 0:05:00]} 15. a5 {[%emt 0:01:32]} Qa7 {[%emt 0:00:24]} 16. Nf3 {[%emt 0:10:50]} Re8 {[%emt 0:05:13]} 17. Ne5 {[%emt 0:07:51]} Nxe5 18. Bxe5 {[%emt 0:00:03]} Be6 {[%emt 0:04:25]} 19. Bd4 {[%emt 0:12:25]} Qb8 {[%emt 0:00:03]} 20. f4 {[%emt 0:01:14]} Ng4 21. Be2 {[%emt 0:05:40]} Nxe3 {[%emt 0:04:47]} 22. Bxe3 {[%emt 0:01:05]} d4 {[%emt 0:00:01]} 23. f5 {[%emt 0:10:21]} Bxf5 {[%emt 0:01:07]} 24. Bf4 {[%emt 0:04:21]} e5 {[%emt 0:00:26]} 25. Bg3 {[%emt 0:01:11]} dxc3 {[%emt 0:00:12]} 26. bxc3 {[%emt 0:00:01]} Qc7 {[%emt 0:00:16]} 27. c4 {[%emt 0:00:47]} Rad8 {[%emt 0:00:11]} 28. Qc1 {[%emt 0:00:35]} Qc6 {[%emt 0:00:36]} 29. Rb1 {[%emt 0:00:24]} Rd7 {[%emt 0:00:59]} 30. Bf2 {[%emt 0:00:25]} Qa4 {[%emt 0:00:33]} 31. Bb6 {[%emt 0:02:18]} Qxc2 {[%emt 0:00:23]} 32. Qxc2 {[%emt 0:00:09]} Bxc2 {[%emt 0:00:01]} 33. Rbc1 {[%emt 0:00:19]} Ba4 {[%emt 0:00:59]} 34. Ra1 {[%emt 0:00:29]} Bc6 {[%emt 0:00:09]} 35. Rad1 {[%emt 0:00:01]} Ree7 {[%emt 0:00:53]} 36. Bc5 {[%emt 0:00:54]} Rxd1 {[%emt 0:00:08]} 37. Rxd1 {[%emt 0:00:25]} Rd7 {[%emt 0:00:08]} 38. Rxd7 {[%emt 0:00:15]} Bxd7 {[%emt 0:00:01]} 39. Bf3 {[%emt 0:00:01]} Bc6 {[%emt 0:00:19]} 40. Kf2 {[%emt 0:00:49]} Bxf3 {[%emt 0:00:57]} 41. Kxf3 {[%emt 0:30:14]} f5 {[%emt 0:30:08]} 42. g4 {[%emt 0:00:56]} Kf7 {[%emt 0:01:06]} 43. h3 {[%emt 0:00:00]} Ke6 {[%emt 0:00:00]} 44. Ke3 {[%emt 0:00:00]} Bf6 {[%emt 0:00:00]} 45. Kf3 {[%emt 0:00:00]} Be7 {[%emt 0:00:00]} 46. Be3 {[%emt 0:00:00]} Bb4 {[%emt 0:00:00]} 47. Bb6 {[%emt 0:00:00]} Kd7 {[%emt 0:00:00]} 48. Kg3 {[%emt 0:00:00]} Be1+ {[%emt 0:00:00]} 49. Kf3 {[%emt 0:00:00]} Kc6 {[%emt 0:00:00]} 50. Ke2 {[%emt 0:00:00]} Bb4 {[%emt 0:00:00]} 51. gxf5 {[%emt 0:00:00]} gxf5 {[%emt 0:00:00]} 52. Kf3 {[%emt 0:00:00]} Bd6 {[%emt 0:00:00]} 53. Kg3 {[%emt 0:00:00]} Bc7 0-1

[Event "WTCC-50 2018"]
[Site "Radebeul"]
[Date "2018.07.07"]
[Round "1"]
[White "Schober, Ralf"]
[Black "Goh, Cheng Hong"]
[Result "1/2-1/2"]
[WhiteElo "2066"]
[BlackElo "2323"]
[Annotator "NA"]
[PlyCount "42"]
[EventDate "2018.07.07"]
[EventType "team-tourn"]
[EventCountry "GER"]
[SourceTitle "playchess.com"]
[Source "ChessBase"]
[SourceQuality "1"]
[TimeControl "40/5400+30:1800+30"]

1. d4 {[%emt 0:00:00]} g6 {[%emt 0:00:00]} 2. Nf3 {[%emt 0:00:07]} Bg7 {[%emt 0:00:00]} 3. Nc3 {[%emt 0:02:47]} c5 {[%emt 0:01:05]} 4. e4 {[%emt 0:04:35]} Qa5 {[%emt 0:01:42]} 5. Bd2 {[%emt 0:01:29]} cxd4 {[%emt 0:00:31]} 6. Nd5 {[%emt 0:00:19]} Qd8 {[%emt 0:01:01]} 7. Bf4 {[%emt 0:00:55]} d6 {[%emt 0:00:35]} 8. Nxd4 {[%emt 0:01:41]} e6 {[%emt 0:03:40]} 9. Nb5 {[%emt 0:02:24]} exd5 {[%emt 0:08:51]} 10. Nxd6+ {[%emt 0:04:28]} Kf8 {[%emt 0:02:18]} 11. Qxd5 {[%emt 0:03:49]} Be6 {[%emt 0:00:43]} 12. Qxb7 {[%emt 0:11:03]} Nd7 {[%emt 0:01:41]} 13. Rd1 {[%emt 0:03:40]} Rb8 {[%emt 0:10:47]} 14. Qxa7 {[%emt 0:02:48]} Bxb2 15. Bc4 Ra8 {[%emt 0:30:50]} 16. Qb7 {[%emt 0:04:00]} Bc3+ {[%emt 0:01:01]} 17. Ke2 {[%emt 0:00:18]} Nc5 {[%emt 0:03:26]} 18. Qc6 {[%emt 0:06:01]} Qa5 {[%emt 0:00:21]} 19. Bxe6 {[%emt 0:01:13]} Nxe6 {[%emt 0:00:28]} 20. Be3 {[%emt 0:02:23]} Ne7 {[%emt 0:01:47]} 21. Qb7 {[%emt 0:01:29]} Qa6+ 1/2-1/2

[Event "WTCC-50 2018"]
[Site "Radebeul"]
[Date "2018.07.07"]
[Round "1"]
[White "Fraser Mitchell, Jeremy N"]
[Black "Shabalov, Alexander"]
[Result "0-1"]
[WhiteElo "2060"]
[BlackElo "2570"]
[Annotator "ChessBase"]
[PlyCount "80"]
[EventDate "2018.07.07"]
[EventType "team-tourn"]
[EventCountry "GER"]
[SourceTitle "playchess.com"]
[Source "ChessBase"]
[SourceQuality "1"]
[TimeControl "40/5400+30:1800+30"]

1. d4 {[%emt 0:00:00]} Nf6 {[%emt 0:00:00]} 2. c4 {[%emt 0:00:00]} c5 {[%emt 0:01:06]} 3. d5 {[%emt 0:00:00]} b5 {[%emt 0:00:06]} 4. cxb5 {[%emt 0:00:51]} a6 {[%emt 0:00:06]} 5. bxa6 {[%emt 0:00:42]} g6 {[%emt 0:00:08]} 6. g3 {[%emt 0:00:26]} Bg7 {[%emt 0:00:36]} 7. Bg2 {[%emt 0:00:07]} d6 {[%emt 0:00:07]} 8. Nc3 {[%emt 0:00:17]} Bxa6 {[%emt 0:01:38]} 9. Nh3 {[%emt 0:00:30]} O-O {[%emt 0:02:30]} 10. O-O {[%emt 0:00:13]} Nbd7 {[%emt 0:00:09]} 11. Re1 {[%emt 0:01:31]} Qb6 {[%emt 0:01:26]} 12. Qc2 {[%emt 0:02:27]} Rfb8 {[%emt 0:01:05]} 13. Ng5 {[%emt 0:04:28]} Bc4 {[%emt 0:03:40]} 14. a4 {[%emt 0:28:17]} Qb4 {[%emt 0:06:47]} 15. Qd2 {[%emt 0:17:32]} Bb3 {[%emt 0:04:33]} 16. e4 {[%emt 0:10:16]} Nb6 {[%emt 0:07:11]} 17. f4 {[%emt 0:05:54]} Qd4+ {[%emt 0:07:59]} 18. Qxd4 {[%emt 0:03:08]} cxd4 {[%emt 0:00:06]} 19. Nb5 {[%emt 0:00:16]} d3 {[%emt 0:02:41]} 20. a5 {[%emt 0:07:01]} Nc4 {[%emt 0:01:31]} 21. e5 {[%emt 0:05:57]} Rxb5 {[%emt 0:01:27]} 22. exf6 {[%emt 0:00:07]} Bxf6 {[%emt 0:00:30]} 23. Ne4 {[%emt 0:00:31]} Bd4+ {[%emt 0:00:59]} 24. Kh1 {[%emt 0:00:34]} Raxa5 {[%emt 0:03:42]} 25. Rxa5 {[%emt 0:00:37]} Nxa5 {[%emt 0:00:08]} 26. Nd2 {[%emt 0:00:30]} Rc5 {[%emt 0:04:00]} 27. h3 {[%emt 0:02:17]} f5 {[%emt 0:04:18]} 28. g4 {[%emt 0:01:52]} Kf8 {[%emt 0:01:34]} 29. Kh2 {[%emt 0:01:28]} Rc2 {[%emt 0:02:06]} 30. Rd1 {[%emt 0:04:37]} Ba2 {[%emt 0:03:28]} 31. Kg3 {[%emt 0:01:00]} Bxb2 {[%emt 0:01:44]} 32. Bxb2 {[%emt 0:00:26]} Rxb2 {[%emt 0:00:06]} 33. Bf1 {[%emt 0:00:29]} Nc4 {[%emt 0:00:15]} 34. Nxc4 {[%emt 0:01:50]} Bxc4 {[%emt 0:00:07]} 35. gxf5 {[%emt 0:00:17]} gxf5 {[%emt 0:00:06]} 36. Kh4 {[%emt 0:00:15]} Rf2 {[%emt 0:02:02]} 37. Kg3 {[%emt 0:00:59]} Rb2 {[%emt 0:02:06]} 38. Kh4 {[%emt 0:00:05]} Rb5 {[%emt 0:00:38]} 39. Bxd3 {[%emt 0:00:59]} Rxd5 {[%emt 0:00:09]} 40. Bc2 {[%emt 0:00:08]} Rxd1 {[%emt 0:00:08]} 0-1

[Event "WTCC-50 2018"]
[Site "Radebeul"]
[Date "2018.07.07"]
[Round "1"]
[White "Keller, Harald"]
[Black "Plaskett, H James"]
[Result "0-1"]
[WhiteElo "2043"]
[BlackElo "2455"]
[Annotator "ChessBase"]
[PlyCount "58"]
[EventDate "2018.07.07"]
[EventType "team-tourn"]
[EventCountry "GER"]
[SourceTitle "playchess.com"]
[Source "ChessBase"]
[SourceQuality "1"]
[TimeControl "40/5400+30:1800+30"]

1. e4 {[%emt 0:00:00]} c5 {[%emt 0:04:53]} 2. Nc3 {[%emt 0:00:00]} Nc6 {[%emt 0:00:04]} 3. d3 {[%emt 0:00:10]} g6 {[%emt 0:00:39]} 4. g3 {[%emt 0:00:18]} Bg7 {[%emt 0:00:21]} 5. Bg2 {[%emt 0:00:09]} d6 {[%emt 0:00:47]} 6. f4 {[%emt 0:00:42]} Nf6 {[%emt 0:01:12]} 7. Nf3 {[%emt 0:00:24]} O-O {[%emt 0:00:10]} 8. O-O {[%emt 0:00:27]} Rb8 {[%emt 0:00:07]} 9. Ne2 {[%emt 0:01:49]} c4 {[%emt 0:05:33]} 10. h3 {[%emt 0:02:32]} Qb6+ {[%emt 0:08:32]} 11. Kh2 {[%emt 0:00:10]} Be6 {[%emt 0:00:15]} 12. g4 {[%emt 0:06:49]} cxd3 {[%emt 0:05:53]} 13. cxd3 {[%emt 0:00:21]} Rfc8 {[%emt 0:04:47]} 14. f5 {[%emt 0:01:37]} Bd7 {[%emt 0:01:27]} 15. Nf4 {[%emt 0:07:40]} Nb4 {[%emt 0:20:09]} 16. g5 {[%emt 0:07:29]} Ne8 {[%emt 0:01:03]} 17. fxg6 {[%emt 0:01:10]} hxg6 {[%emt 0:00:39]} 18. a3 {[%emt 0:08:47]} Nc2 {[%emt 0:12:42]} 19. Nd5 {[%emt 0:01:15]} Qd8 {[%emt 0:00:09]} 20. Nh4 {[%emt 0:04:18]} Nxa1 {[%emt 0:04:35]} 21. Rxf7 {[%emt 0:17:33]} Kxf7 {[%emt 0:01:30]} 22. Qf3+ {[%emt 0:00:11]} Nf6 {[%emt 0:00:32]} 23. gxf6 {[%emt 0:03:49]} exf6 {[%emt 0:06:26]} 24. Nf4 {[%emt 0:14:41]} Qa5 {[%emt 0:07:40]} 25. Nd5 {[%emt 0:09:37]} Rxc1 {[%emt 0:01:37]} 26. Qg3 {[%emt 0:02:36]} g5 {[%emt 0:02:42]} 27. Qxd6 {[%emt 0:02:31]} Qd8 {[%emt 0:00:12]} 28. Bf3 {[%emt 0:02:41]} Bg4 {[%emt 0:00:17]} 29. Qg3 {[%emt 0:03:09]} gxh4 {[%emt 0:00:37]} 0-1